ENGINEERING DRAWING (Record no. 216121)

MARC details
000 -LEADER
fixed length control field 00355nam a22001457a 4500
008 - FIXED-LENGTH DATA ELEMENTS--GENERAL INFORMATION
fixed length control field 250916b |||||||| |||| 00| 0 eng d
020 ## - INTERNATIONAL STANDARD BOOK NUMBER
International Standard Book Number 9798887153445
050 ## - LIBRARY OF CONGRESS CALL NUMBER
Classification number T353.G66 2024
100 ## - MAIN ENTRY--PERSONAL NAME
Personal name GOODMAN ALICE
245 ## - TITLE STATEMENT
Title ENGINEERING DRAWING
260 ## - PUBLICATION, DISTRIBUTION, ETC.
Place of publication, distribution, etc. NEWYORK
Name of publisher, distributor, etc. ORYSON PRESS
Date of publication, distribution, etc. 2024
300 ## - PHYSICAL DESCRIPTION
Extent X,294
942 ## - ADDED ENTRY ELEMENTS (KOHA)
Source of classification or shelving scheme Library of Congress Classification
Koha item type Long Loan Book
Holdings
Withdrawn status Lost status Source of classification or shelving scheme Damaged status Not for loan Collection Home library Current library Shelving location Date acquired Inventory number Total checkouts Full call number Barcode Date last seen Copy number Price effective from Koha item type
    Library of Congress Classification     Science & Technology Kisii University Library Kisii University Library On Display 09/16/2025 109600   T353.G66 2024 000000020277 09/16/2025 C.4 09/16/2025 Long Loan Book
    Library of Congress Classification     Science & Technology Kisii University Library Kisii University Library On Display 09/16/2025 109599   T353.G66 2024 000000020281 09/16/2025 C.3 09/16/2025 Long Loan Book
    Library of Congress Classification     Science & Technology Kisii University Library Kisii University Library On Display 09/16/2025 109598   T353.G66 2024 000000020280 09/16/2025 C.2 09/16/2025 Long Loan Book
    Library of Congress Classification     Science & Technology Kisii University Library Kisii University Library On Display 09/16/2025 109597   T353.G66 2024 000000020279 09/16/2025 C.1 09/16/2025 Long Loan Book